000 00570nam a2200205Ia 4500
005 20250508161655.0
008 008 250505s9999 xx 000 0 eng d
037 _aTextual
040 _aFEDL
_beng
_cFEDL
041 _aeng
_2eng
084 _a301.2, MAS
_qFEDL
100 _aMassialas Byron G.
245 0 _aCultural exchange: Teacher's manual
260 _aChicago, USA
_bWorld history through Inquiry
_c1970
300 _a20p
650 _aSociology
700 _a Zevin Jack
_9771285
942 _cTEXL
_h301.2, MAS
999 _c1371477
_d1371477